00989nam a2200289 i 4500001000300000003000400003005001700007008003900024015001700063020001500080040001400095080001700109080001200126100004300138245008500181250002100266260006900287300004200356504002600398650002000424655003000444650002700474650002400501700002000525710005600545856009800601bgBPK20191024130942.0970510s1993 pl a f f |000 0 pol aPB 1994/3493 a8385912266 aWA NcBPK a624.131.2/.6 a(075.8)1 aPisarczyk, Stanisławd(1937- )eAutor10aBadania laboratoryjne i polowe gruntów /cStanisław Pisarczyk, Bogdan Rymsza. a[Wyd. 2 z err.]. aWarszawa :bOficyna Wydawnicza Politechniki Warszawskiej,c1993. a489 s. :brys., wykr., err. ;c24 cm. aBibliogr. s. 484-489. 4aGruntxbadanie. 4aPodręczniki akademickie 4aGeologia inżynierska 4aMechanika gruntów1 aRymsza, Bogdan.2 aPolitechnika Warszawska.bOficyna Wydawnicza.4pbl.41uhttp://koha.tu.koszalin.pl/cgi-bin/koha/opac-detail.pl?biblionumber=39377yKatalog online BPK